LIBRARY & INFORMATION CENTRE, KCAET, TAVANUR

ONLINE PUBLIC ACCESS CATALOGUE (OPAC)

Question bank in postharvest technology / (Record no. 15441)

MARC details
000 -LEADER
fixed length control field 00437nam a22001577a 4500
020 ## - INTERNATIONAL STANDARD BOOK NUMBER
ISBN 9789380235042
082 ## - DEWEY DECIMAL CLASSIFICATION NUMBER
Classification number 631.56
Item number GUL/QU
100 ## - MAIN ENTRY--AUTHOR NAME
Personal name Guleria, S P S .
245 ## - TITLE STATEMENT
Title Question bank in postharvest technology /
260 ## - PUBLICATION, DISTRIBUTION, ETC. (IMPRINT)
Place of publication New Delhi ;
Name of publisher New India Publishing Agency ,
Year of publication 2010 .
300 ## - PHYSICAL DESCRIPTION
Number of Pages 256 ; .
700 ## - ADDED ENTRY--PERSONAL NAME
Personal name Verma, Anil Kumar
700 ## - ADDED ENTRY--PERSONAL NAME
Personal name Kumar, Dharminder
700 ## - ADDED ENTRY--PERSONAL NAME
Personal name Gupta, Anil
942 ## - ADDED ENTRY ELEMENTS (KOHA)
Koha item type Books
Holdings
Withdrawn status Lost status Damaged status Home library Current library Date acquired Cost, normal purchase price Full call number Accession Number Koha item type
      KAUAET KAUAET 04/06/2018 275.00 631.56 GUL/QU 25726 Books
free website counter